000 00507nam a22001697a 4500
005 20251108170909.0
008 250721s1998 xx 000 0 ara d
082 1 4 _a001.6424/قاض
100 1 _aالقاضي، زياد
245 1 0 _aالمدخل إلى علم الحاسوب /
264 1 _aعمان :
_bدار صفاء للنشر و التوزيع،
_c1998.
300 _a343ص
650 1 7 _aالحواسيب
700 1 _aالبشيتي، عبد الرحيم
942 _2ddc
_cBK
999 _c51595
_d51595